| 000 | 00000nam##2200000za#4500 |
| 001 | 9.533980 |
| 003 | CaOODSP |
| 005 | 20220623092431 |
| 007 | ta |
| 008 | 150406|2001||||xxc||||| f|0| 0 eng|d |
| 020 | |a0-662-65095-6 |
| 040 | |aCaOODSP|beng |
| 041 | |aeng |
| 041 | |afre |
| 043 | |an-cn--- |
| 086 | 1 |aC21-23/25-2000 |
| 110 | 1 |aCanada. |bIndustry Canada. |
| 245 | 14|aThe economic determinants of innovation / |cby Randall Morck and Bernard Yeung. |
| 260 | |aOttawa - Ontario : |bIndustry Canada |c2001. |
| 300 | |aEnglish text, iii, 89p. : |bgraphs, references ; |c23 cm. |
| 490 | 1 |aOccasional paper|v25 |
| 500 | |a"This paper describes what economists know, suspect, and guess about the underlying determinants of innovation. It evaluates the evidence and points out areas where further work is urgently needed."--Executive summary. |
| 504 | |aBibliography. |
| 520 | 3 |aThis paper describes what economists know, suspect, and guess about the underlying determinants of innovation. It evaluates the evidence and points out areas where further work is urgently needed.--Executive summary |
| 546 | |aBilingual |
| 563 | |aSoftcover |
| 590 | |a01-21|b2001-05-25 |
| 690 | 07|aTechnological innovation|2gcpds |
| 690 | 07|aInformation technology|2gcpds |
| 690 | 07|aIntellectual property|2gcpds |
| 690 | 07|aGrants|2gcpds |
| 720 | 1 |aMorck, Randall |
| 720 | 1 |aYeung, Bernard |
| 776 | 0#|tThe economic determinants of innovation : |w(CaOODSP)9.570622 |
| 776 | 0#|tLes déterminants économiques de l'innovation : |w(CaOODSP)9.601270 |
| 792 | |tLes déterminants économiques de l'innovation / |efre|w(CaOODSP)9.533981 |
| 830 | #0|aOccasional paper (Canada. Industry Canada)|v25|w(CaOODSP)9.509050 |